[Event "18. Open de Sants Hostafrancs 2016"]
[Site "Barcelona ESP"]
[Date "2016.08.24"]
[Round "6.27"]
[White "Ducarmon, Quinten"]
[Black "Flick, Antoine"]
[Result "1/2-1/2"]
[WhiteElo "2467"]
[BlackElo "2282"]
[PlyCount "57"]
[EventDate "2016.08.19"]
[EventType "swiss"]
[EventRounds "10"]
[EventCountry "ESP"]
[SourceTitle "Ajedrez en Madrid"]
[Source "lmi"]
[SourceDate "2016.08.19"]

1. e4 c5 2. Nf3 Nc6 3. Bb5 d6 4. O-O Bd7 5. Re1 a6 6. Bxc6 Bxc6 7. d4 cxd4 8.
Nxd4 Rc8 9. Nc3 e6 10. Nd5 Bd7 11. Qf3 exd5 12. exd5+ Be7 13. Bf4 Kf8 14. Qg3
Rc4 15. Re4 Rxd4 16. Rxd4 Qb6 17. Qc3 Nf6 18. Re1 Qd8 19. Qg3 Bc8 20. Rd2 Nh5
21. Rde2 Nxf4 22. Rxe7 Ne6 23. R7xe6 fxe6 24. dxe6 Qe7 25. f4 Ke8 26. Qc3 Kd8
27. Qa5+ Ke8 28. Qc3 Kd8 29. Qa5+ 1/2-1/2

[Event "18. Open de Sants Hostafrancs 2016"]
[Site "Barcelona ESP"]
[Date "2016.08.24"]
[Round "6.28"]
[White "Saravanan, V."]
[Black "Satyapragyan, Swayangsu"]
[Result "1/2-1/2"]
[WhiteElo "2281"]
[BlackElo "2462"]
[PlyCount "101"]
[EventDate "2016.08.19"]
[EventType "swiss"]
[EventRounds "10"]
[EventCountry "ESP"]
[SourceTitle "Ajedrez en Madrid"]
[Source "lmi"]
[SourceDate "2016.08.19"]

1. Nf3 Nf6 2. c4 e6 3. Nc3 Bb4 4. Qc2 c5 5. a3 Ba5 6. g3 Nc6 7. Bg2 O-O 8. O-O
d6 9. d3 h6 10. e3 e5 11. Nd2 Bg4 12. h3 Bxc3 13. Qxc3 Be6 14. b4 Qd7 15. b5
Ne7 16. Kh2 Ng6 17. f4 exf4 18. exf4 d5 19. cxd5 Nxd5 20. Qxc5 Nde7 21. Qf2
Qxd3 22. Be4 Qc3 23. Rb1 f5 24. Bb2 Qa5 25. Bxb7 Rad8 26. Nf3 Bc4 27. Rfe1 Bd3
28. Rbc1 Qxb5 29. Rc7 Rd7 30. Bc6 Rxc7 31. Bxb5 Rc2 32. Nd2 Bxb5 33. Qd4 Rf7
34. Bc3 Kh7 35. Kg1 a6 36. a4 Bxa4 37. Qd3 Rf8 38. Ra1 Rc8 39. Bb4 Bb5 40. Qb3
R2c7 41. Re1 Rd7 42. Qb2 Nd5 43. Ba5 Nf6 44. Bc3 Rc6 45. Bxf6 Rxf6 46. Nf3 Rd3
47. Kf2 Rfd6 48. Re3 Rd1 49. Re1 R1d3 50. Re3 Rd1 51. Re1 1/2-1/2

[Event "18. Open de Sants Hostafrancs 2016"]
[Site "Barcelona ESP"]
[Date "2016.08.24"]
[Round "6.29"]
[White "Sundararajan, Kidambi"]
[Black "Montilla Carrillo, Esteban"]
[Result "1-0"]
[WhiteElo "2442"]
[BlackElo "2190"]
[PlyCount "67"]
[EventDate "2016.08.19"]
[EventType "swiss"]
[EventRounds "10"]
[EventCountry "ESP"]
[SourceTitle "Ajedrez en Madrid"]
[Source "lmi"]
[SourceDate "2016.08.19"]

1. d4 Nf6 2. Nf3 e6 3. c4 c5 4. e3 b6 5. Nc3 Be7 6. d5 d6 7. Be2 O-O 8. O-O e5
9. Nd2 g6 10. f4 Ne8 11. Nf3 exf4 12. exf4 Ng7 13. Bd3 a6 14. a3 Ra7 15. Rb1
Bg4 16. h3 Bxf3 17. Qxf3 f5 18. g4 Bf6 19. Ne2 fxg4 20. hxg4 Ne8 21. Bd2 a5 22.
Qh3 Re7 23. g5 Bh8 24. f5 gxf5 25. Bxf5 Nc7 26. Nf4 Bd4+ 27. Kh1 Nd7 28. Ne6
Nxe6 29. Bxe6+ Kh8 30. g6 Ne5 31. Rxf8+ Qxf8 32. Rf1 Qe8 33. Bf7 Rxf7 34. Rxf7
1-0

[Event "18. Open de Sants Hostafrancs 2016"]
[Site "Barcelona ESP"]
[Date "2016.08.24"]
[Round "6.30"]
[White "Schippers, Maurice"]
[Black "Fernandez, Fernando"]
[Result "1-0"]
[WhiteElo "2220"]
[BlackElo "2406"]
[PlyCount "63"]
[EventDate "2016.08.19"]
[EventType "swiss"]
[EventRounds "10"]
[EventCountry "ESP"]
[SourceTitle "Ajedrez en Madrid"]
[Source "lmi"]
[SourceDate "2016.08.19"]

1. e4 c5 2. Nf3 d6 3. d4 cxd4 4. Nxd4 Nf6 5. Nc3 a6 6. Be2 e5 7. Nb3 Be7 8. O-O
O-O 9. Be3 Be6 10. f4 exf4 11. Bxf4 Nc6 12. Bf3 Rc8 13. Qe1 Nd7 14. Rd1 Nce5
15. Kh1 Bh4 16. Bg3 Bxg3 17. Qxg3 Nc4 18. Be2 Nxb2 19. Rxd6 Qc7 20. Nd5 Bxd5
21. exd5 Rce8 22. Nd4 Rxe2 23. Nxe2 Nc4 24. Rg6 Qxg3 25. Rxg3 Nd2 26. Rd1 Ne4
27. Rf3 Rc8 28. Nd4 Ne5 29. Rff1 Nc3 30. Rde1 f6 31. d6 Rc5 32. Ne6 1-0

[Event "18. Open de Sants Hostafrancs 2016"]
[Site "Barcelona ESP"]
[Date "2016.08.24"]
[Round "6.31"]
[White "Porta Tovar, Oriol"]
[Black "Lujan, Carolina"]
[Result "1/2-1/2"]
[WhiteElo "2170"]
[BlackElo "2378"]
[PlyCount "87"]
[EventDate "2016.08.19"]
[EventType "swiss"]
[EventRounds "10"]
[EventCountry "ESP"]
[SourceTitle "Ajedrez en Madrid"]
[Source "lmi"]
[SourceDate "2016.08.19"]

1. e4 d6 2. d4 Nf6 3. Nc3 g6 4. Be3 c6 5. f3 Nbd7 6. g4 b5 7. Qd2 Nb6 8. g5
Nfd7 9. f4 Bb7 10. Nf3 Bg7 11. h4 Qc7 12. h5 Rg8 13. a4 b4 14. Nd1 a5 15. c4
O-O-O 16. h6 Bh8 17. Qc2 c5 18. d5 e6 19. Bd3 Kb8 20. Rh2 Rge8 21. Re2 Nf8 22.
Nf2 Rc8 23. Rd1 exd5 24. exd5 Ne6 25. Kf1 Nd4 26. Bxd4 cxd4 27. b3 Re3 28. Nh2
Rce8 29. Rde1 Bc8 30. Nhg4 R3e7 31. Rxe7 Rxe7 32. Rxe7 Qxe7 33. Qe2 Qxe2+ 34.
Kxe2 Nd7 35. Ne4 Nc5 36. Ngf2 Nb7 37. Kd2 Kc7 38. Kc2 Bf5 39. Ng3 Bc8 40. Nge4
Kd8 41. Ng3 Ke7 42. Ne2 Nc5 43. Ne4 Nb7 44. Nf2 1/2-1/2

[Event "18. Open de Sants Hostafrancs 2016"]
[Site "Barcelona ESP"]
[Date "2016.08.24"]
[Round "6.32"]
[White "Webersberger, Johann"]
[Black "Garcia Acosta, Roger"]
[Result "1-0"]
[WhiteElo "2356"]
[BlackElo "2104"]
[PlyCount "105"]
[EventDate "2016.08.19"]
[EventType "swiss"]
[EventRounds "10"]
[EventCountry "ESP"]
[SourceTitle "Ajedrez en Madrid"]
[Source "lmi"]
[SourceDate "2016.08.19"]

1. d4 d5 2. c4 e6 3. Nc3 Be7 4. cxd5 exd5 5. Bf4 c6 6. e3 Bf5 7. Bd3 Bxd3 8.
Qxd3 Nf6 9. Nf3 Nbd7 10. O-O O-O 11. Rfc1 Re8 12. h3 Bf8 13. Nd2 Nb6 14. Rc2
Qe7 15. Bh2 Qe6 16. Rac1 Ne4 17. Ncxe4 dxe4 18. Qb3 Qxb3 19. Nxb3 Nd5 20. a3 a5
21. Kf1 f6 22. Ke2 Kf7 23. Nd2 Re6 24. Nb1 a4 25. Nc3 Nb6 26. Bc7 Nc4 27. Nb1
b5 28. Nd2 Nxb2 29. Rxb2 Bxa3 30. Rcb1 Bxb2 31. Rxb2 Ke7 32. Bb6 Kd7 33. Bc5 f5
34. Nb1 Ree8 35. Nc3 Reb8 36. Na2 Rb7 37. Nb4 Rc8 38. Kd1 g6 39. Kc1 Ke6 40.
Rc2 h6 41. Kb2 g5 42. Na6 Ra8 43. Nb4 Rc8 44. Na6 Rf7 45. Ba3 Kd7 46. Nb4 f4
47. Na6 Re8 48. Nc5+ Kc7 49. d5 fxe3 50. fxe3 Kb6 51. d6 Rd8 52. Nxe4 Re8 53.
d7 1-0

[Event "18. Open de Sants Hostafrancs 2016"]
[Site "Barcelona ESP"]
[Date "2016.08.24"]
[Round "6.33"]
[White "Flores De Paco, David"]
[Black "Lorenzo De La Riva, Lazaro"]
[Result "0-1"]
[WhiteElo "2038"]
[BlackElo "2355"]
[PlyCount "82"]
[EventDate "2016.08.19"]
[EventType "swiss"]
[EventRounds "10"]
[EventCountry "ESP"]
[SourceTitle "Ajedrez en Madrid"]
[Source "lmi"]
[SourceDate "2016.08.19"]

1. a3 g6 2. f4 Bg7 3. Nf3 d5 4. g3 c5 5. d3 Nc6 6. Bg2 Nf6 7. O-O O-O 8. Nc3 b6
9. e4 dxe4 10. dxe4 Ba6 11. Re1 Qxd1 12. Rxd1 e5 13. fxe5 Ng4 14. e6 fxe6 15.
e5 Rae8 16. Bf4 Ngxe5 17. Nxe5 Nxe5 18. Ne4 Be2 19. Rd6 h6 20. c3 Nc4 21. Rd7
g5 22. Bd6 Nxd6 23. Rxd6 Bc4 24. Rad1 Bd5 25. Rd7 a5 26. Rf1 Rxf1+ 27. Kxf1
Rf8+ 28. Ke1 b5 29. Ke2 b4 30. axb4 axb4 31. Rxd5 exd5 32. Nxc5 bxc3 33. Bxd5+
Kh8 34. bxc3 Bxc3 35. Ne4 Be5 36. Nf2 Kg7 37. Be4 h5 38. Bf3 g4 39. Bxg4 hxg4
40. Nxg4 Bc7 41. Nf2 Kg6 0-1

[Event "18. Open de Sants Hostafrancs 2016"]
[Site "Barcelona ESP"]
[Date "2016.08.24"]
[Round "6.34"]
[White "Castillo Martinez, Eloi"]
[Black "Diaz Camallonga, Carles"]
[Result "0-1"]
[WhiteElo "1960"]
[BlackElo "2336"]
[PlyCount "108"]
[EventDate "2016.08.19"]
[EventType "swiss"]
[EventRounds "10"]
[EventCountry "ESP"]
[SourceTitle "Ajedrez en Madrid"]
[Source "lmi"]
[SourceDate "2016.08.19"]

1. d4 e6 2. Nf3 Nf6 3. e3 b6 4. Bd3 Bb7 5. O-O Be7 6. b3 O-O 7. Bb2 c5 8. c4 d5
9. Nbd2 Nc6 10. Qe2 Rc8 11. Rad1 cxd4 12. exd4 Ba6 13. a3 Re8 14. Ne5 dxc4 15.
Ndxc4 Bb7 16. Rfe1 Bf8 17. Bb1 g6 18. Ne3 Ne7 19. N3g4 Ned5 20. Qd2 Nxg4 21.
Nxg4 Qh4 22. f3 f5 23. Qf2 Qxf2+ 24. Nxf2 Bh6 25. b4 Kf7 26. Nd3 Nc3 27. Ne5+
Kg8 28. Bxc3 Rxc3 29. Rd3 Rec8 30. Ba2 Bd5 31. Bxd5 exd5 32. Red1 Rc2 33. g3
Bc1 34. b5 f4 35. Nc6 Re8 36. Ne5 Kg7 37. Kh1 g5 38. Re1 h5 39. Rg1 Be3 40. Ra1
h4 41. gxh4 gxh4 42. h3 Bf2 43. a4 Rec8 44. Rdd1 Rb2 45. Nd3 Rbc2 46. Nxf4 R8c3
47. Rd3 Rxd3 48. Nxd3 Bxd4 49. Re1 Bf6 50. Nf4 d4 51. Re4 Kf7 52. Nd5 d3 53.
Rf4 d2 54. Ne3 Rc1+ 0-1

[Event "18. Open de Sants Hostafrancs 2016"]
[Site "Barcelona ESP"]
[Date "2016.08.24"]
[Round "6.35"]
[White "Comas Fabrego, Lluis"]
[Black "Chirivi C, Jenny Astrid"]
[Result "1/2-1/2"]
[WhiteElo "2507"]
[BlackElo "2230"]
[PlyCount "29"]
[EventDate "2016.08.19"]
[EventType "swiss"]
[EventRounds "10"]
[EventCountry "ESP"]
[SourceTitle "Ajedrez en Madrid"]
[Source "lmi"]
[SourceDate "2016.08.19"]

1. c4 c5 2. g3 Nf6 3. Bg2 e6 4. Nf3 b6 5. d4 Bb7 6. d5 exd5 7. Nh4 g6 8. cxd5
d6 9. Nc3 Bg7 10. O-O O-O 11. Rb1 Ne8 12. Nf3 Na6 13. Re1 Nac7 14. e4 b5 15.
Bg5 1/2-1/2

[Event "18. Open de Sants Hostafrancs 2016"]
[Site "Barcelona ESP"]
[Date "2016.08.24"]
[Round "6.36"]
[White "Bailet, Pierre"]
[Black "Lasinskas, Povilas"]
[Result "1-0"]
[WhiteElo "2492"]
[BlackElo "2229"]
[PlyCount "125"]
[EventDate "2016.08.19"]
[EventType "swiss"]
[EventRounds "10"]
[EventCountry "ESP"]
[SourceTitle "Ajedrez en Madrid"]
[Source "lmi"]
[SourceDate "2016.08.19"]

1. c4 Nf6 2. Nc3 d5 3. cxd5 Nxd5 4. g3 g6 5. Bg2 Nxc3 6. bxc3 Bg7 7. Nf3 O-O 8.
O-O c5 9. Rb1 Qc7 10. d4 Nd7 11. Bg5 Re8 12. Qc1 Rb8 13. Bh6 b6 14. Bxg7 Kxg7
15. d5 e5 16. Rd1 Qd6 17. Nd2 f5 18. Qa3 a6 19. Qa4 b5 20. Qa5 Nb6 21. c4 Bd7
22. e4 Nxc4 23. Nxc4 bxc4 24. Qc3 Rxb1 25. Rxb1 fxe4 26. Bxe4 Bf5 27. Qxc4 Bxe4
28. Qxe4 Rb8 29. Rc1 Rb2 30. Rxc5 Qxc5 31. Qxe5+ Kh6 32. Qxb2 Qxd5 33. h4 a5
34. Qb3 Qf5 35. Kg2 Kg7 36. Qc4 h5 37. a4 Kh7 38. Qd4 Kg8 39. Kf1 Kh7 40. Ke2
Qe6+ 41. Kf3 Qf5+ 42. Kg2 Kg8 43. Qc4+ Kh7 44. Qf4 Qd5+ 45. Qf3 Qd7 46. Qe4 Qd8
47. Qb7+ Kh6 48. Qf7 Qc8 49. Qf6 Qb7+ 50. Qf3 Qd7 51. Qa8 Qd4 52. Qxa5 Qe4+ 53.
Kh2 Qd4 54. Qg5+ Kh7 55. Qf4 Qa7 56. Kg1 Qa5 57. Qf7+ Kh6 58. Qg8 Qe1+ 59. Kg2
Qe4+ 60. Kh2 Qd4 61. Qf8+ Kh7 62. Qf7+ Kh8 63. a5 1-0

[Event "18. Open de Sants Hostafrancs 2016"]
[Site "Barcelona ESP"]
[Date "2016.08.24"]
[Round "6.37"]
[White "Petrosyan, Tigran S"]
[Black "Ayza Leon, David"]
[Result "1-0"]
[WhiteElo "2462"]
[BlackElo "2215"]
[PlyCount "61"]
[EventDate "2016.08.19"]
[EventType "swiss"]
[EventRounds "10"]
[EventCountry "ESP"]
[SourceTitle "Ajedrez en Madrid"]
[Source "lmi"]
[SourceDate "2016.08.19"]

1. Nf3 Nf6 2. c4 c5 3. Nc3 Nc6 4. d4 cxd4 5. Nxd4 g6 6. e4 d6 7. Be2 Bg7 8. Be3
O-O 9. O-O Nxd4 10. Bxd4 Bd7 11. Qd2 Bc6 12. f3 b6 13. Rac1 e5 14. Be3 Qd7 15.
Rfd1 Ne8 16. b4 Rd8 17. a4 f5 18. a5 fxe4 19. Nxe4 Qe7 20. Nc3 bxa5 21. b5 Ba8
22. Nd5 Qf7 23. Qxa5 Rd7 24. Nb6 axb6 25. Qxa8 Ra7 26. Qd5 Rb7 27. Qc6 Qc7 28.
Qxc7 Nxc7 29. Rxd6 Rf6 30. Rcd1 Ne8 31. Rd8 1-0

[Event "18. Open de Sants Hostafrancs 2016"]
[Site "Barcelona ESP"]
[Date "2016.08.24"]
[Round "6.38"]
[White "Guezennec, Franck"]
[Black "Ootes, Lars"]
[Result "0-1"]
[WhiteElo "2232"]
[BlackElo "2422"]
[PlyCount "68"]
[EventDate "2016.08.19"]
[EventType "swiss"]
[EventRounds "10"]
[EventCountry "ESP"]
[SourceTitle "Ajedrez en Madrid"]
[Source "lmi"]
[SourceDate "2016.08.19"]

1. e4 d6 2. d4 Nf6 3. Nc3 g6 4. Be3 c6 5. Qd2 Nbd7 6. f3 b5 7. a4 b4 8. Nce2
Rb8 9. g4 Qc7 10. Ng3 h6 11. h4 c5 12. d5 Ne5 13. Be2 Bg7 14. Nh3 h5 15. g5
Nfd7 16. a5 c4 17. Qd1 Nc5 18. Nf2 Ba6 19. O-O b3 20. cxb3 Rxb3 21. Bd4 O-O 22.
Bc3 f6 23. f4 fxg5 24. fxe5 Bxe5 25. Bxe5 dxe5 26. Nfh1 Rxf1+ 27. Qxf1 gxh4 28.
Bxc4 Qd6 29. Bxa6 hxg3 30. Bc8 Kg7 31. Qc4 Rxb2 32. Nxg3 h4 33. Nf1 Qf6 34. Nd2
Qg5+ 0-1

[Event "18. Open de Sants Hostafrancs 2016"]
[Site "Barcelona ESP"]
[Date "2016.08.24"]
[Round "6.39"]
[White "Fernandez, Maria Florencia"]
[Black "Stella, Andrea"]
[Result "0-1"]
[WhiteElo "2231"]
[BlackElo "2415"]
[PlyCount "84"]
[EventDate "2016.08.19"]
[EventType "swiss"]
[EventRounds "10"]
[EventCountry "ESP"]
[SourceTitle "Ajedrez en Madrid"]
[Source "lmi"]
[SourceDate "2016.08.19"]

1. d4 e6 2. c4 Bb4+ 3. Nc3 c5 4. d5 Nf6 5. g3 Ne4 6. Bd2 Bxc3 7. Bxc3 Nxc3 8.
bxc3 d6 9. Bg2 e5 10. e4 Nd7 11. Nf3 O-O 12. O-O f5 13. exf5 Rxf5 14. Bh3 Rf8
15. Be6+ Kh8 16. h4 Qe8 17. Ng5 h6 18. Ne4 Qe7 19. Rb1 Nf6 20. Bxc8 Raxc8 21.
Qe2 Rce8 22. Rb2 Qd7 23. Nxf6 Rxf6 24. Qe4 Ref8 25. Rfb1 b6 26. Kg2 Qf7 27. Rf1
Rf3 28. Rc2 Qd7 29. Rh1 R8f6 30. Re1 Qf7 31. Ree2 R3f5 32. Red2 Qg6 33. Kh3 Qe8
34. Kg2 Kg8 35. Kh3 Qf8 36. Kg2 Rg6 37. Kh3 h5 38. Re2 Rf4 39. Qd3 Rf3 40. Re3
Rxf2 41. Rxf2 Qxf2 42. Re4 Qf5+ 0-1

[Event "18. Open de Sants Hostafrancs 2016"]
[Site "Barcelona ESP"]
[Date "2016.08.24"]
[Round "6.40"]
[White "Esposito, Luca"]
[Black "Gual Pascual, Antonio"]
[Result "0-1"]
[WhiteElo "2229"]
[BlackElo "2397"]
[PlyCount "76"]
[EventDate "2016.08.19"]
[EventType "swiss"]
[EventRounds "10"]
[EventCountry "ESP"]
[SourceTitle "Ajedrez en Madrid"]
[Source "lmi"]
[SourceDate "2016.08.19"]

1. Nf3 g6 2. e4 Bg7 3. d4 d6 4. Nc3 a6 5. a4 Nf6 6. h3 O-O 7. Be3 Nc6 8. Be2 e6
9. O-O b6 10. e5 dxe5 11. Nxe5 Nxe5 12. dxe5 Nd5 13. Nxd5 exd5 14. f4 c5 15.
Bf3 Be6 16. c4 d4 17. Bxa8 Qxa8 18. Bf2 Bxc4 19. Re1 Bd5 20. Qg4 h5 21. Qg5 Kh7
22. Bh4 Be4 23. Qg3 c4 24. Rad1 d3 25. Rd2 b5 26. Qe3 Bf5 27. Be7 Re8 28. Qc5
Qb7 29. Bd6 Rc8 30. Qd4 b4 31. Rc1 Be6 32. a5 Qb5 33. Qb6 c3 34. bxc3 bxc3 35.
Rdd1 d2 36. Ra1 Bb3 37. Qxb5 axb5 38. Rf1 c2 0-1

[Event "18. Open de Sants Hostafrancs 2016"]
[Site "Barcelona ESP"]
[Date "2016.08.24"]
[Round "6.48"]
[White "Sanchez, Nicolas"]
[Black "Hernando Rodrigo, Julio Antoni"]
[Result "1-0"]
[WhiteElo "2176"]
[BlackElo "2318"]
[PlyCount "78"]
[EventDate "2016.08.19"]
[EventType "swiss"]
[EventRounds "10"]
[EventCountry "ESP"]
[SourceTitle "Ajedrez en Madrid"]
[Source "lmi"]
[SourceDate "2016.08.19"]

1. d4 Nf6 2. Nf3 g6 3. c4 Bg7 4. Nc3 O-O 5. e4 d6 6. Be2 Bg4 7. Be3 Nfd7 8. Nd2
Bxe2 9. Qxe2 Nc6 10. Nb3 e5 11. d5 Nd4 12. Qd2 Nb6 13. Qd3 c5 14. dxc6 Nxc6 15.
Nd5 Nxd5 16. cxd5 Nb4 17. Qd2 a5 18. O-O f5 19. a3 Na6 20. exf5 gxf5 21. Bg5
Qb6 22. Nxa5 Nc5 23. b4 Na4 24. Qe3 Qb5 25. Be7 Rfc8 26. Qh3 Qd7 27. Bh4 Nc3
28. Kh1 e4 29. Rac1 Qf7 30. Bg5 Qxd5 31. Bh6 Bf6 32. Nxb7 Qxb7 33. Qxf5 Qf7 34.
Rfd1 Bg7 35. Qh3 Rc4 36. Rxd6 Bxh6 37. Qxh6 e3 38. Qg5+ Kf8 39. Rf6 Ne2 1-0

[Event "18. Open de Sants Hostafrancs 2016"]
[Site "Barcelona ESP"]
[Date "2016.08.24"]
[Round "6.49"]
[White "Cu Hor, Winston Darwin"]
[Black "Povill Claros, Xavier"]
[Result "1/2-1/2"]
[WhiteElo "2318"]
[BlackElo "2194"]
[PlyCount "96"]
[EventDate "2016.08.19"]
[EventType "swiss"]
[EventRounds "10"]
[EventCountry "ESP"]
[SourceTitle "Ajedrez en Madrid"]
[Source "lmi"]
[SourceDate "2016.08.19"]

1. Nf3 c5 2. c4 Nc6 3. g3 g6 4. Bg2 Bg7 5. O-O e6 6. Nc3 Nge7 7. e3 O-O 8. d4
cxd4 9. Nxd4 Nxd4 10. exd4 d5 11. cxd5 Nxd5 12. Nxd5 exd5 13. Qb3 Be6 14. Qxb7
Bxd4 15. Bh6 Rb8 16. Qc6 Re8 17. Rad1 Bxb2 18. Bxd5 Rb6 19. Qa4 Qc8 20. Qxa7
Ra6 21. Bxe6 Qxe6 22. Qc5 Rxa2 23. Rd6 Qe7 24. Qd5 Ra1 25. Rd7 Rxf1+ 26. Kxf1
Qf6 27. h4 Ba3 28. h5 Bf8 29. Bd2 Qe6 30. Qxe6 Rxe6 31. Rc7 Re8 32. Kg2 Bd6 33.
Rd7 Be5 34. f4 Bf6 35. Ba5 gxh5 36. Rd5 h4 37. g4 h6 38. Bb6 Rc8 39. g5 hxg5
40. fxg5 Be7 41. Kh3 Rc6 42. Bf2 Rc2 43. Bxh4 Rc5 44. Rxc5 Bxc5 45. Kg4 Be3 46.
Kf5 Bxg5 47. Kxg5 f5 48. Kf4 Kf7 1/2-1/2

[Event "18. Open de Sants Hostafrancs 2016"]
[Site "Barcelona ESP"]
[Date "2016.08.24"]
[Round "6.50"]
[White "Frischmann, Rick"]
[Black "Meylan, Andre"]
[Result "1/2-1/2"]
[WhiteElo "2312"]
[BlackElo "2175"]
[PlyCount "122"]
[EventDate "2016.08.19"]
[EventType "swiss"]
[EventRounds "10"]
[EventCountry "ESP"]
[SourceTitle "Ajedrez en Madrid"]
[Source "lmi"]
[SourceDate "2016.08.19"]

1. e4 Nf6 2. e5 Nd5 3. Nc3 Nxc3 4. bxc3 d6 5. exd6 exd6 6. d4 d5 7. Bd3 Bd6 8.
Qf3 c6 9. Ne2 O-O 10. h4 Qd7 11. Qh5 h6 12. Be3 Qg4 13. Qxg4 Bxg4 14. f3 Re8
15. Kd2 Be6 16. g4 Nd7 17. Rag1 Nb6 18. Bf4 Bf8 19. g5 h5 20. g6 Nc4+ 21. Bxc4
dxc4 22. gxf7+ Kxf7 23. Rg5 Bd5 24. Be5 g6 25. Ke1 Bh6 26. Rg3 b5 27. Rhg1 Re6
28. Kf2 Rae8 29. Rd1 R6e7 30. Rgg1 Bg7 31. f4 Be4 32. Rd2 Bf6 33. Ke3 Bd5 34.
Ng3 Bxh4 35. Ne4 Bxe4 36. Kxe4 Bf6 37. Rf2 Re6 38. Rxg6 Kxg6 39. f5+ Kf7 40.
fxe6+ Rxe6 41. Kf5 Bxe5 42. dxe5 h4 43. Rf4 Rh6 44. Kg5+ Kg7 45. Rd4 Rg6+ 46.
Kf5 h3 47. Rd7+ Kh6 48. Rd8 Kh7 49. Rd7+ Rg7 50. Rd4 Rg3 51. e6 Kg7 52. Rd7+
Kf8 53. Rd8+ Ke7 54. Rd7+ Ke8 55. Rh7 Rxc3 56. Kf6 Rf3+ 57. Ke5 Rf2 58. Rh8+
Ke7 59. Rh7+ Ke8 60. Rh8+ Ke7 61. Rh7+ Ke8 1/2-1/2

[Event "18. Open de Sants Hostafrancs 2016"]
[Site "Barcelona ESP"]
[Date "2016.08.24"]
[Round "6.51"]
[White "Alanic, Mickael"]
[Black "Ciolek, Andreas"]
[Result "1-0"]
[WhiteElo "2295"]
[BlackElo "2168"]
[PlyCount "67"]
[EventDate "2016.08.19"]
[EventType "swiss"]
[EventRounds "10"]
[EventCountry "ESP"]
[SourceTitle "Ajedrez en Madrid"]
[Source "lmi"]
[SourceDate "2016.08.19"]

1. e4 c5 2. Nf3 d6 3. d3 Nc6 4. g3 g6 5. Bg2 Bg7 6. O-O e5 7. Re1 Nge7 8. c3
O-O 9. a3 h6 10. b4 a6 11. Nbd2 Be6 12. Nb3 b6 13. Bb2 cxb4 14. axb4 d5 15.
exd5 Nxd5 16. d4 Qc7 17. c4 Ndxb4 18. d5 Rfd8 19. Qe2 Bg4 20. dxc6 e4 21. Bxg7
f5 22. Bc3 Nd3 23. Qe3 Nxe1 24. Nxe1 Qxc6 25. Qxh6 Rd7 26. Qh8+ Kf7 27. Qg7+
Ke8 28. Qe5+ Re7 29. Qd5 Qxd5 30. cxd5 Rd7 31. f3 exf3 32. Nxf3 Rc8 33. Re1+
Kf8 34. Ne5 1-0

[Event "18. Open de Sants Hostafrancs 2016"]
[Site "Barcelona ESP"]
[Date "2016.08.24"]
[Round "6.52"]
[White "Jeitz, Christian"]
[Black "Vidal Zamora, Alex"]
[Result "1/2-1/2"]
[WhiteElo "2173"]
[BlackElo "2291"]
[PlyCount "47"]
[EventDate "2016.08.19"]
[EventType "swiss"]
[EventRounds "10"]
[EventCountry "ESP"]
[SourceTitle "Ajedrez en Madrid"]
[Source "lmi"]
[SourceDate "2016.08.19"]

1. e4 c5 2. Nf3 d6 3. Bb5+ Nd7 4. d4 Ngf6 5. Nc3 cxd4 6. Qxd4 e5 7. Qd3 h6 8.
O-O Be7 9. a4 O-O 10. Be3 Qc7 11. Nd2 Nc5 12. Qe2 Be6 13. Bc4 Rfd8 14. Nd5 Nxd5
15. Bxd5 Bxd5 16. exd5 Nd7 17. c4 a5 18. f4 Rf8 19. f5 Bg5 20. b3 Bxe3+ 21.
Qxe3 Qc5 22. Rf3 Qxe3+ 23. Rxe3 Nc5 24. Rf1 1/2-1/2

[Event "18. Open de Sants Hostafrancs 2016"]
[Site "Barcelona ESP"]
[Date "2016.08.24"]
[Round "6.53"]
[White "Iglesias, Joachim"]
[Black "Sama Salinas, Hector"]
[Result "1-0"]
[WhiteElo "2286"]
[BlackElo "2157"]
[PlyCount "59"]
[EventDate "2016.08.19"]
[EventType "swiss"]
[EventRounds "10"]
[EventCountry "ESP"]
[SourceTitle "Ajedrez en Madrid"]
[Source "lmi"]
[SourceDate "2016.08.19"]

1. d4 g6 2. e4 Bg7 3. Nf3 c6 4. c3 d5 5. Nbd2 dxe4 6. Nxe4 Nd7 7. Bd3 Ngf6 8.
O-O O-O 9. Bf4 Nxe4 10. Bxe4 Nf6 11. Bc2 Qb6 12. Bb3 Bg4 13. h3 Bxf3 14. Qxf3
Rad8 15. Rfe1 Rd7 16. Re2 Rfd8 17. Rae1 Re8 18. Be5 Nd5 19. c4 Nf6 20. d5 c5
21. Ba4 Qa5 22. Bxd7 Nxd7 23. Bxg7 Kxg7 24. Rxe7 Qxe1+ 25. Rxe1 Rxe1+ 26. Kh2
Re8 27. Qb3 Nb6 28. Qa3 Re2 29. Qxc5 Rc2 30. d6 1-0

[Event "18. Open de Sants Hostafrancs 2016"]
[Site "Barcelona ESP"]
[Date "2016.08.24"]
[Round "6.54"]
[White "Kropff, Ricardo"]
[Black "Keller, Peter"]
[Result "1/2-1/2"]
[WhiteElo "2169"]
[BlackElo "2286"]
[PlyCount "52"]
[EventDate "2016.08.19"]
[EventType "swiss"]
[EventRounds "10"]
[EventCountry "ESP"]
[SourceTitle "Ajedrez en Madrid"]
[Source "lmi"]
[SourceDate "2016.08.19"]

1. e4 e5 2. Nf3 Nc6 3. Bc4 Nf6 4. d3 Be7 5. O-O O-O 6. Re1 d6 7. c3 Na5 8. Bb5
c5 9. d4 a6 10. Bf1 Qc7 11. Nbd2 b5 12. a4 Bd7 13. b3 Rfb8 14. d5 bxa4 15. bxa4
c4 16. Ra2 Be8 17. Ba3 Nd7 18. Qe2 Nb6 19. Bb4 Nxa4 20. Bxa5 Qxa5 21. Rea1 Qxc3
22. Rxa4 Bxa4 23. Rxa4 Rb4 24. Ra2 Rb2 25. Rxb2 Qxb2 26. Qxc4 Qb7 1/2-1/2

[Event "18. Open de Sants Hostafrancs 2016"]
[Site "Barcelona ESP"]
[Date "2016.08.24"]
[Round "6.55"]
[White "Buchenau, Frank"]
[Black "Martinez Pla, Xavier"]
[Result "0-1"]
[WhiteElo "2268"]
[BlackElo "2145"]
[PlyCount "64"]
[EventDate "2016.08.19"]
[EventType "swiss"]
[EventRounds "10"]
[EventCountry "ESP"]
[SourceTitle "Ajedrez en Madrid"]
[Source "lmi"]
[SourceDate "2016.08.19"]

1. e4 c5 2. Nf3 e6 3. b3 b6 4. Bd3 Bb7 5. O-O a6 6. Bb2 d6 7. Re1 Nf6 8. c3 Be7
9. Bc2 Nc6 10. a3 d5 11. e5 Nd7 12. d4 g5 13. Nfd2 h5 14. Nf1 Qc7 15. Ng3 g4
16. Nd2 O-O-O 17. f4 h4 18. Ne2 f5 19. exf6 Nxf6 20. Nc1 Qxf4 21. Nd3 Qd6 22.
Ne5 Qc7 23. Nxg4 Rhg8 24. Nxf6 Bxf6 25. Rxe6 h3 26. Re2 cxd4 27. cxd4 Nxd4 28.
Rf2 Rxg2+ 29. Rxg2 hxg2 30. h3 Kb8 31. Bf5 Nxf5 32. Bxf6 Qc5+ 0-1